E-mailová korespondence v angličtině /

Hlavní autor: Pile, Louise
Jazyk: Čeština
Angličtina
Vydáno: Brno : Computer Press, 2008
Vydání: Vyd. 1.
Edice: Jazyky (Computer Press). Pro firmy
Témata:
Fyzický popis: 88 s. : il. ; 23 cm + 1 CD
Knihy
Uloženo v:
LEADER 01786nam a2200505 a 4500
001 nkc20081796705
003 CZ PrNK
005 20080604155300.0
007 ta
008 080401s2008 xr a e p 000 0 cze
015 |a cnb001796705 
020 |a 978-80-251-1968-6  |q (brož.) 
035 |a (OCoLC)228782728 
040 |a ABA001  |b cze 
041 1 |a cze  |a eng  |h eng 
072 7 |a 811.111  |x Angličtina  |2 Konspekt  |9 11 
072 7 |a 37.016  |x Učební osnovy. Vyučovací předměty. Učebnice  |2 Konspekt  |9 22 
080 |a 811.111  |2 MRF 
080 |a 316.772:004.738.5  |2 MRF 
080 |a 004.773.3  |2 MRF 
080 |a 005.91:82-6  |2 MRF 
080 |a (075)  |2 MRF 
100 1 |a Pile, Louise  |7 pna2006370676  |4 aut 
245 1 0 |a E-mailová korespondence v angličtině /  |c Louise Pile ; [překlad Magdalena Veselá] 
250 |a Vyd. 1. 
260 |a Brno :  |b Computer Press,  |c 2008 
300 |a 88 s. :  |b il. ;  |c 23 cm +  |e 1 CD 
490 1 |a Jazyky. Pro firmy 
650 0 7 |a angličtina  |7 ph114056  |2 czenas 
650 0 7 |a internetová komunikace  |7 ph162911  |2 czenas 
650 0 7 |a elektronická pošta  |7 ph114447  |2 czenas 
650 0 7 |a úřední korespondence  |7 ph128376  |2 czenas 
650 0 9 |a English language  |2 eczenas 
650 0 9 |a Internet communication  |2 eczenas 
650 0 9 |a e-mail  |2 eczenas 
650 0 9 |a official correspondence  |2 eczenas 
655 7 |a učebnice  |7 fd133770  |2 czenas 
655 9 |a textbooks  |2 eczenas 
830 0 |a Jazyky (Computer Press).  |p Pro firmy  |0 s 
910 2 |a BOA001  |b 2-1201.387 
990 |a BK 
995 |a 01 
991 |b 200804  |c NOV 
996 6 |b 2610338889  |c 2-1201.387  |l MZK  |r Sklad / do 1 hodiny  |n 2  |p p.v.  |w 000890084  |u 000010  |a 1  |e BOA001  |j MZK50  |s P 
996 7 |b 2610338890  |c 2-1201.387  |l MZK  |r Sklad / do 1 hodiny  |n 14  |p p.v.  |w 000890084  |u 000020  |a 1  |e BOA001  |j MZK50  |s A